| 000 | 00495nam a22001937a 4500 | ||
|---|---|---|---|
| 003 | OSt | ||
| 005 | 20140310183000.0 | ||
| 008 | 130208t xxu||||| |||| 00| 0 eng d | ||
| 020 | _a9712337006 | ||
| 050 |
_aHD 31 _b.L67 2003 |
||
| 100 | _aLorenzana. Carlos C. | ||
| 245 |
_aManagement : _cCarlos C. Lorenzana _btheory and practice / |
||
| 260 |
_aManila _bRex Book Store _c2003 |
||
| 300 |
_a168 p. _c23 cm. |
||
| 521 | _aBSBA | ||
| 562 | _e1 | ||
| 942 |
_2lcc _cBK _kLOC |
||
| 999 |
_c18089 _d18089 |
||